00618 a2200181 45000010006000000050017000060080041000230030015000640400040000790800055001192450066001742640051002403000019002910410008003101000032003187000034003507000052003846173520260407155908.0260407a1968 arg spa dAR-UNSa-BCEJYS aAR-UNSa-BCEJYSbspacAR-UNSa-BCEJYS a347.91(094.4)xCódigo Procesal Civil y Comercial10aCódigo Procesal Civil y Comercial de la NaciónpComentado 1aBuenos Aires :bVíctor P. de Zavalíac1968 a938 p.c20 cm. aspa1 aAyarragaray, Carlos Alberto1 aGregorio Lavié, Julio A. de1 aArgentina (Código Procesal Civil y Comercial)